[Event "Millennium CG Exclusive - Tasc R30 V2.5"]
[Site "Wien"]
[Date "????.??.??"]
[Round "15"]
[White "Millennium CG Exclusive"]
[Black "Tasc R30 V2.5, aktiv"]
[Result "1-0"]
[WhiteElo "2402"]
[BlackElo "2335"]
[PlyCount "85"]
[EventDate "2021.??.??"]

1. d4 d5 2. Nf3 c6 {Buchende Tasc} 3. Bf4 {Buchende Genius} e5 {Dieses absurde
Bauernopfer und damit auch diese Eröffnung gab es auch im ELO-Aktiv Match der
Beiden, kann es an dieser Stelle nur schwer glauben, dass der Tasc auch auf
Turnierstufe hier nichts besseres findet als diesen Unsinn, im Aktiv-Match ist
er jedenfalls damit untergegangen, mal sehen ob er hier noch was retten kann,
wird aber sicher nicht leicht.} 4. Nxe5 g5 5. Bg3 h5 6. h3 Nd7 {Tasc -0,43} 7.
e3 {Genius +1,17} h4 8. Bh2 Nxe5 9. Bxe5 f6 10. Bh2 Bd6 11. Bxd6 Qxd6 12. c4
Bf5 13. Nc3 O-O-O 14. cxd5 cxd5 15. Bd3 {Genius +1,81} Bxd3 {Tasc -0,85} 16.
Qxd3 Ne7 17. O-O Kb8 18. Rfc1 Qe6 19. Qe2 Rc8 20. Na4 b6 21. Qb5 Qd6 22. Nc5
Rhd8 23. a4 Ka8 24. Nd3 Rxc1+ 25. Rxc1 Qd7 26. Qxd7 Rxd7 27. Kf1 Kb7 28. Ke2
Rc7 29. Rxc7+ Kxc7 30. Kf3 b5 31. a5 f5 32. g4 hxg3 33. Kxg3 Kd6 34. f4 gxf4+
35. Kxf4 Nc6 36. a6 Ke6 37. Kg5 Ne7 38. Ne5 Nc8 39. h4 Ke7 40. Kg6 Ke6 41. Nc6
b4 42. h5 Kd6 43. Nxa7 {Userentscheidung: 1-0 (Endbewertung Tasc: -7,87 /
Genius: +8,29)} 1-0

[Event "Millennium CG Exclusive - Tasc R30 V2.5"]
[Site "Wien"]
[Date "????.??.??"]
[Round "16"]
[White "Tasc R30 V2.5, aktiv"]
[Black "Millennium CG Exclusive"]
[Result "0-1"]
[WhiteElo "2335"]
[BlackElo "2402"]
[PlyCount "106"]
[EventDate "2021.??.??"]

1. Nf3 e6 2. d4 {Buchende Tasc} c5 3. e4 cxd4 4. Nxd4 {Tasc zurück im Buch} a6
5. Bd3 Bc5 6. Nb3 Ba7 7. O-O {Buchende Tasc} Ne7 8. Bf4 d5 {Buchende Genius} 9.
Qf3 Nbc6 10. Qg3 {Tasc +0,25 erwartet hier als nächsten Zug ein Bauernopfer
des Genius mit 10. e5 ?} O-O {Genius -0,28} 11. exd5 Nxd5 12. Bd6 Re8 13. Nc3 {
Der Tasc nimmt den Doppelbauern bewusst in Kauf, er rechnet damit dass der
Springer genommen wird +0,14} Nxc3 {Genius +0,43} 14. bxc3 e5 15. Rad1 e4 16.
Bxa6 bxa6 17. Be5 {Tasc +0,40} Bxf2+ {Genius +0,31} 18. Qxf2 Qe7 19. Bd6 Qe6
20. Qb6 {Tasc +0,68} Ne5 {Genius +0,37} 21. Qc7 Ng4 22. Qc5 {Tasc +0,71} e3 {
Genius +0,87} 23. Nd4 Qe4 24. Rf3 Bb7 25. Qc7 {Tasc -0,43} Bd5 {Genius +1,21}
26. Rg3 Bxa2 27. h3 {Tasc -0,65} Ne5 {Genius +1,51} 28. Re1 {Tasc -0,96} Nc4
29. Rf3 Nxd6 30. Qxd6 {Tasc -0,50} Qe5 {Genius nach 12 Minuten Bedenkzeit +0,90
} 31. Qxe5 Rxe5 32. Nc6 Re6 33. Rfxe3 a5 34. Rxe6 Bxe6 35. Ra1 a4 36. Ra3 {
Tasc -0,68} g5 {Genius +0,71} 37. Kf2 Kg7 38. Nd4 Bd5 39. Nb5 Be4 40. Ra2 Kf6
41. Nd6 Bd5 42. c4 {Tasc -0,31} Bc6 43. c3 Ke6 44. Nb5 Bxb5 45. cxb5 {Tasc -0,
02} Kd5 {Genius +1,06} 46. Ke3 {Tasc -0,28} Kc4 {Genius +1,50} 47. b6 {Tasc -0,
39} a3 {Genius +2,21} 48. Ra1 {Tasc -0,71} a2 {Genius +1,79} 49. b7 {Tasc -0,
94 hier fehlt dem Tac ganz klar der Weitblick in diesem Endspiel.} Re8+ {
Genius +3,71} 50. Kd2 {Tasc -1,61} Kb3 {Genius +4,21} 51. c4 {Tasc -2,59} Rb8 {
Genius +4,59} 52. h4 {Tasc -4,90} Rxb7 {Genius +5,43} 53. hxg5 Kb2 {
Userentscheid: 0-1 (Endbewertung Tasc: -5,01 / Genius +5,46)} 0-1

[Event "Millennium CG Exclusive - Tasc R30 V2.5"]
[Site "Wien"]
[Date "????.??.??"]
[Round "17"]
[White "Millennium CG Exclusive"]
[Black "Tasc R30 V2.5, aktiv"]
[Result "0-1"]
[WhiteElo "2402"]
[BlackElo "2335"]
[PlyCount "156"]
[EventDate "2021.??.??"]

1. d4 d5 2. Nf3 e6 3. c4 c6 {Und schon wieder Buchende Tasc nach 3 Zügen} 4.
Qb3 {Der Genius macht es ihm gleich im 4. Zug nach, Buchende !} dxc4 5. Qxc4
Nf6 6. Nc3 {Genis zurück im Buch.} b5 {Tasc zurück im Buch} 7. Qd3 Nbd7 {
Buchende Tasc} 8. Bg5 {Buchende Genius} h6 9. Bh4 Bb7 10. e3 a6 11. Be2 c5 12.
O-O b4 13. Na4 cxd4 14. Qxd4 Qa5 15. b3 e5 16. Qb2 Ne4 17. Rac1 g5 18. Bg3 g4
19. Nh4 {Genius +1,06} Rg8 {Tasc +0,03} 20. Qc2 Rg5 21. Qc7 Qxc7 22. Rxc7 Rb8
23. Rd1 Bd6 24. Rc4 Ndf6 25. Bd3 Nxg3 {Tasc +0,69} 26. hxg3 {Genius -0,12} e4
27. Be2 Rd8 28. Rcd4 Be7 29. Rxd8+ Bxd8 30. Bc4 Be7 31. Nb6 Rc5 {Tasc +0,91}
32. Kf1 {Genius -0,03} Ra5 33. Rd2 Rg5 34. Be2 Rc5 35. Bc4 Ra5 36. Kg1 h5 37.
Kf1 Re5 38. Be2 Rc5 39. Bc4 Rg5 40. Be2 Bc5 41. Na4 Ba7 42. Rc2 Kd7 43. Bc4 Nd5
44. Rd2 Ke7 45. Ke1 Nf6 46. Rc2 Bb8 47. Nb6 Rc5 48. Na4 Ra5 49. Be2 Nd7 50. Rc4
Bd6 51. Rd4 Rg5 52. Rd2 a5 53. Kf1 Be5 54. Bb5 Nf6 {Tasc +1,00} 55. Bc4 {
Genius -0,18} Bc7 56. Rc2 Bb8 57. Nb6 Ba7 58. Na4 Ne8 59. Kg1 Nd6 60. Ba6 {
Ein schwerer Fehler an dieser Stelle vom Genius der damit diesem Geduldsspiel
wohl ein Ende bereitet hier noch -0,18.} Bxa6 61. Rc7+ {Zu spät sieht der
Genius den Fehler -2,18} Kd8 62. Rc6 Bb5 {An dieser Stelle wäre lt. Analyse
von Fruit 2.1. bei RT 20 HZ Lb8 !! schon mit +2,0 für Schwarz gewesen, Tasc
an dieser Stelle +1,34} 63. Rxd6+ Ke7 64. Rh6 Bxa4 65. bxa4 Rc5 66. Ng6+ fxg6
67. Rh7+ Kd6 68. Rxa7 Rc1+ 69. Kh2 Rc2 70. Rxa5 Rxa2 {Tasc +2,03} 71. Kg1 Ra1+
72. Kh2 Kc6 73. Re5 Rxa4 74. Rxe4 Kb5 75. Re8 {Hier bricht der Genius
endgültig zusammen -3,93} b3 76. Rb8+ Kc4 77. Rc8+ Kd3 78. Rb8 Kc3 {
Userentscheid 0-1} 0-1

[Event "Millennium CG Exclusive - Tasc R30 V2.5"]
[Site "Wien"]
[Date "????.??.??"]
[Round "18"]
[White "Tasc R30 V2.5, aktiv"]
[Black "Millennium CG Exclusive"]
[Result "0-1"]
[WhiteElo "2335"]
[BlackElo "2402"]
[PlyCount "98"]
[EventDate "2021.??.??"]

1. d4 Nf6 2. c4 e6 3. Nc3 d5 4. Bg5 Be7 5. Nf3 O-O 6. e3 b6 7. cxd5 {Buchende
Tasc} exd5 8. Bd3 Nbd7 9. O-O Bb7 10. Rc1 a6 {Buchende Genius} 11. Qc2 {
Tasc +0,79} c5 {In dieser Variante hat der Genius 3 Züge mehr im Buch ein
Vorteil an dieser Stelle ist das jedoch seiner Meinung nach nicht, erste
Bewertung nach Buchende -1,15} 12. Bf4 c4 13. Bf5 g6 14. Bh3 b5 15. a3 {
Tasc +0,36} Re8 {Genius -0,18} 16. Rfe1 Nh5 17. Be5 Nxe5 18. dxe5 Qc7 19. Red1
d4 20. Rxd4 {Tasc +0,80} Bxf3 {Genius +0,09} 21. gxf3 Qxe5 22. Rd5 Qc7 23. Rd7
Qc5 24. Nd5 Bd6 25. Rd1 {Tasc +0,80} Rad8 {Genius -0,03} 26. Qe4 Kg7 27. Qg4
Be5 28. f4 Nf6 29. Nxf6 Bxf6 30. Qe2 Rxd7 31. Rxd7 Re7 32. Rd1 Rc7 33. e4 c3
34. b4 Qe7 35. Qc2 a5 36. e5 Bh4 37. Rd4 f6 38. Bg2 axb4 39. axb4 Qe6 40. Re4 {
Tasc nach 14 Minuten Bedenkzeit -0,53} f5 {Genius nach 8 Minuten Bedenkzeit +1,
87} 41. Re1 {Tasc -1,54} Qc4 {Genius +1,96} 42. Bf1 Qxb4 43. e6 Be7 44. Rb1 {
Tasc -1,93} Qxf4 45. Bxb5 Bd6 46. Kf1 Qxh2 {Genius +3,45} 47. Ba4 {Tasc -3,49}
Rc4 {Genius +4,42} 48. f3 {Tasc -4,76} Rxa4 49. Qxh2 Bxh2 {Userentscheidung:
0-1} 0-1

[Event "Millennium CG Exclusive - Tasc R30 V2.5"]
[Site "Wien"]
[Date "????.??.??"]
[Round "19"]
[White "Millennium CG Exclusive"]
[Black "Tasc R30 V2.5, aktiv"]
[Result "1-0"]
[WhiteElo "2402"]
[BlackElo "2335"]
[PlyCount "127"]
[EventDate "2021.??.??"]

1. e4 d5 2. exd5 Qxd5 3. d4 e5 {Buchende Tasc} 4. Nf3 {Buchende Genius} exd4 5.
Qxd4 Qe6+ 6. Be3 Nc6 7. Bb5 Bd7 8. Qa4 Bb4+ 9. Nbd2 Nf6 10. O-O Bd6 11. Nc4 a6
12. Nxd6+ cxd6 13. Rad1 O-O 14. Be2 Rfe8 15. Qa3 d5 16. Rfe1 b5 17. c3 Ne4 18.
Nd2 Nd6 19. Qc5 Rac8 20. Nb3 Nc4 21. Bc1 Ne7 22. Bxc4 {Genius +1,50} Rxc5 {
Tasc -0,71} 23. Rxe6 Bxe6 24. Nxc5 dxc4 25. Nxa6 Nd5 26. Nc5 h6 27. f3 Rc8 28.
Nxe6 fxe6 29. Kf2 Kf7 30. h4 b4 31. cxb4 Nxb4 32. a3 Nd3+ 33. Ke3 Ra8 {Tasc -0,
73} 34. Kd2 {Genius +1,25} Nf4 35. g3 Nd5 36. Kc2 {Genius +1,81} Rb8 37. Rd4
Rb3 38. Rxc4 {ab dieser Stelle erspielt sich der Genius 2 geschlossene
Freibauern, das sieht schon bedrohlich aus.} Rxf3 39. g4 Ke7 40. b4 Kd6 41. b5
Rf2+ 42. Kb1 Rh2 43. h5 Rh3 44. a4 Rc3 45. Re4 Rc5 46. Bb2 {Genius +2,31} Nf6 {
Tasc -1,66} 47. Bxf6 gxf6 48. b6 Rc8 49. a5 Rb8 50. Rf4 f5 51. gxf5 exf5 52.
Rxf5 Kc6 53. Kc2 Rg8 54. Kb3 Rg3+ 55. Kb4 Rg4+ 56. Kc3 Rg7 57. Kd4 Rg4+ 58. Ke5
Rg7 59. Kf6 Rg3 60. Re5 Rg8 61. Re7 Rf8+ 62. Kg7 Rd8 63. b7 Kb5 64. Kxh6 {
Userentscheid: 1-0 (Bewertung Endposition Tasc: -6,69 / Genius +7,17} 1-0

[Event "Millennium CG Exclusive - Tasc R30 V2.5"]
[Site "Wien"]
[Date "????.??.??"]
[Round "20"]
[White "Tasc R30 V2.5, aktiv"]
[Black "Millennium CG Exclusive"]
[Result "1-0"]
[WhiteElo "2335"]
[BlackElo "2402"]
[PlyCount "177"]
[EventDate "2021.??.??"]

1. c4 Nf6 2. d4 c6 3. Nc3 {Buchende Tasc} d6 4. Nf3 Bg4 {Buchende Genius} 5. h3
Bxf3 6. exf3 Nbd7 7. Bd3 Qb6 8. O-O {Tasc +0,55} Qxd4 {Genius +0,10} 9. Be3 {
Tasc findet es nicht so gut, dass der Genius den Bauern genommen hat, damit
hat er nicht gerechnet +0,86} Qh4 {Genius +0,03} 10. Qb3 O-O-O 11. Bxa7 {
lange hat sicher der Genius nicht über den Mehrbauern gefreut. Tasc +0,54} Ne5
{Genius -0,87} 12. Be2 g6 13. Bb6 {Tasc +1,17} Re8 {Genius -1,03} 14. Kh2 Bg7
15. g3 Qh6 16. Qa4 Nfd7 17. Qa8+ Nb8 18. Be3 {Tasc +0,99 (Fruit 2.1. findet
hier den Zug Sb5 !! bereits mit +2,31 für Weiss} g5 19. Ne4 Qg6 20. Nxg5 Bh6
21. f4 {Tasc +1,49} Bxg5 {Genius -1,14} 22. fxg5 Qc2 23. Rfe1 {Tasc +1,66} Kc7
24. Rac1 {Tasc +2,10} Qe4 25. Qa3 {Tasc +2,42} c5 {Genius -1,82} 26. f4 Nf3+
27. Bxf3 Qxf3 28. Bxc5 Qxa3 29. Bxa3 Nc6 30. Re3 Ra8 31. b4 Kd7 32. Kg1 Rhe8
33. Rd1 Ra4 {Genius -1,07} 34. Rb3 {Tasc +0,87} Rea8 35. Bb2 Rxb4 36. Rxb4 Nxb4
37. a3 Na6 38. Kf2 Nc5 39. Ke2 Ra4 40. Rc1 Kc6 41. h4 Kd7 42. h5 Kc6 43. f5 e5
44. g6 hxg6 45. fxg6 fxg6 46. h6 Ra8 47. Rh1 Ne4 48. Rh3 Nf6 49. Bc1 b5 50.
cxb5+ Kxb5 51. Rh4 Kc6 52. g4 Kd5 53. g5 Nh7 54. Rb4 {Tasc +1,17 sieht sich
deutlich im Vorteil} Ke6 {Der Genius sieht sich mit -0,06 nur ganz knapp im
Nachteil.} 55. Rb7 {Tasc +1,28} Rh8 {Genius -0,09. Fruit 2.1. sieht hier
bereits einen kommenden Sieg für Weiss mit +3,09} 56. a4 {Tasc +1,90} Rc8 57.
Be3 Nf8 {Genius -1,12} 58. Rg7 {Tasc +2,07} Rc2+ {Genius -1,40} 59. Bd2 Rc4 60.
a5 {Tasc +2,60} Re4+ {Genius -1,87} 61. Kd1 {Tasc +3,69} Ra4 {Genius -1,90} 62.
h7 Nxh7 63. Rxh7 Ra1+ 64. Ke2 d5 65. Rc7 Kf5 66. Rc6 d4 67. a6 Ke4 68. Bb4 Ra2+
69. Kd1 Kd3 70. Kc1 Ra4 71. Rb6 e4 72. Kb2 e3 73. Kb3 Ra1 74. Re6 e2 75. Kb2
Ra4 76. Be1 Rc4 77. Rxg6 Rc2+ 78. Kb1 Rc7 79. Re6 Rg7 80. g6 Ra7 81. Kb2 Rg7
82. Kb3 Re7 83. Rd6 Ke4 84. Kc2 Ke3 85. Rc6 d3+ 86. Kc3 Rd7 87. Re6+ Kf4 88.
Rf6+ Ke4 89. Rf7 {Userentscheid: 1-0} 1-0

[Event "Millennium CG Exclusive - Tasc R30 V2.5"]
[Site "Wien"]
[Date "????.??.??"]
[Round "21"]
[White "Millennium CG Exclusive"]
[Black "Tasc R30 V2.5, aktiv"]
[Result "1/2-1/2"]
[WhiteElo "2402"]
[BlackElo "2335"]
[PlyCount "73"]
[EventDate "2021.??.??"]

1. c4 c6 2. Nf3 d5 3. e3 Nf6 {Buchende Tasc} 4. Qc2 {Buchende Genius} e5 {
Der Tasc gönnt dem Genius hier wahrscheinlich nicht den Buchvorteil und denkt
sich, den kick ich jetzt auf jeden Fall aus dem Buch und spielt hier wieder
eines seiner unmotivierten Bauernopfer 3.e5 ?? bewertet das mit nur -0,05} 5.
Nxe5 {Der Genius nimmt das Opfer mit einer Bewertung von +0,68 an.} Be6 6. d4
Nbd7 7. Nxd7 Qxd7 8. c5 b6 {Der Tasc ignoriert den Minusbauern, -0,04} 9. cxb6
{Genius +0,87} axb6 {Tasc +0,12} 10. Bd3 c5 11. dxc5 bxc5 {Tasc +0,33} 12. b3 {
Auch der Genius ist hier deutlich gefallen, nur noch +0,15} c4 13. bxc4 dxc4
14. Be2 {Genius nach 10 Minuten Bedenkzeit +0,82} Bf5 15. Qb2 Be7 {Tasc +0,46}
16. Nd2 O-O 17. Nxc4 Rfb8 18. Qd4 Ra4 19. O-O Rc8 20. Qxd7 Nxd7 21. Nb2 Rb4 22.
a3 Rxb2 23. Bxb2 Rc2 24. Bxg7 Kxg7 25. Bb5 Nc5 26. Rfc1 Rd2 27. Rd1 Rb2 28. Bc4
Ne4 29. Bd3 Nxf2 30. Bxf5 Nxd1 31. Rxd1 Bxa3 32. Rd5 Re2 33. e4 Rc2 34. Kf1 h5
35. Bd7 h4 36. Bg4 Bc5 37. h3 {Userentscheidung: Remis} 1/2-1/2

[Event "Millennium CG Exclusive - Tasc R30 V2.5"]
[Site "Wien"]
[Date "????.??.??"]
[Round "22"]
[White "Tasc R30 V2.5, aktiv"]
[Black "Millennium CG Exclusive"]
[Result "1/2-1/2"]
[WhiteElo "2335"]
[BlackElo "2402"]
[PlyCount "144"]
[EventDate "2021.??.??"]

1. Nf3 Nf6 2. d4 b6 3. Bg5 Bb7 4. e3 e6 5. Bd3 {Buchende Tasc} Be7 {Buchende
Genius} 6. c4 O-O 7. Nc3 d5 {Genius zurück im Buch.} 8. Bxf6 Bxf6 9. cxd5 exd5
{Buchende Genius} 10. Qc2 h6 11. O-O Re8 12. Rac1 c5 13. dxc5 bxc5 14. Rfd1
Bxc3 15. Qxc3 Nd7 16. Bf5 Rc8 17. Qa3 a6 18. Bxd7 Qxd7 19. Rxc5 Rxc5 20. Qxc5
Qa4 21. b3 Qxa2 22. Nd4 Rc8 23. Qb4 Rc7 24. Kf1 Qb2 25. Qd6 Qc3 26. Qd8+ Kh7
27. b4 Bc8 28. h3 Bd7 29. Kg1 Rb7 30. Qa8 Qxb4 31. Qxa6 Rc7 32. Qd3+ Kg8 33.
Rb1 Qa4 34. Rb8+ Rc8 35. Rxc8+ Bxc8 36. Qc3 Qd7 37. g4 Qb7 38. Qa5 f5 39. f3
fxg4 40. hxg4 Kh7 41. Qc5 Qb1+ 42. Kf2 Bb7 43. Qa3 Bc8 44. Kg2 Bb7 45. Qd6 Qb2+
46. Kg3 Qc1 47. Kf4 Qd2 48. Qe6 Qh2+ 49. Kf5 Qc7 50. Qg6+ Kh8 51. Qe8+ Kh7 52.
Ke6 Qb6+ 53. Kd7 Ba6 54. Qe6 Qa7+ 55. Kd6 Bc4 56. Qf5+ Kh8 57. Qf8+ Kh7 58. Ke5
Qc7+ 59. Qd6 Qb7 60. Qd8 Qf7 61. Kd6 Qg6+ 62. Kd7 Qa6 63. Qf8 Bb5+ 64. Nxb5
Qxb5+ 65. Ke6 Qb6+ 66. Kxd5 Qxe3 67. Qf5+ Kh8 68. Qe4 Qb6 69. Kc4 Kg8 70. Qd5+
Kf8 71. Kd3 Qb1+ 72. Kd2 Qb2+ {Userentscheidung: Remis} 1/2-1/2

[Event "Millennium CG Exclusive - Tasc R30 V2.5"]
[Site "Wien"]
[Date "????.??.??"]
[Round "23"]
[White "Millennium CG Exclusive"]
[Black "Tasc R30 V2.5, aktiv"]
[Result "1/2-1/2"]
[WhiteElo "2402"]
[BlackElo "2335"]
[PlyCount "96"]
[EventDate "2021.??.??"]

1. g3 d5 2. Nf3 Nf6 3. d4 c6 4. Bg2 Bf5 5. O-O h6 6. b3 e6 7. Bb2 Nbd7 8. c4
Be7 {Buchende Tasc} 9. Nbd2 O-O 10. Ne5 {Buchende Genius} Qc7 11. Nxd7 Qxd7 12.
Nf3 Qc7 13. e3 Rad8 14. Qe2 dxc4 15. Qxc4 Be4 16. Ne5 Bxg2 17. Kxg2 Qa5 18. Qe2
c5 19. Rfc1 cxd4 20. Bxd4 Ba3 21. Rc2 Bd6 22. Nc4 Qd5+ 23. Qf3 Bb8 24. Bxf6
Qxf3+ 25. Kxf3 gxf6 26. Rac1 f5 27. Rd2 Rxd2 28. Nxd2 Rd8 29. Ke2 f6 30. b4 Kf7
31. Nb3 h5 32. f4 e5 33. Na5 Rd7 34. Rc8 Bd6 35. a3 b6 36. Nc4 Bc7 37. Rh8 Kg6
38. b5 e4 39. Rc8 Bd8 40. Rc6 Kf7 41. Nd6+ Kg6 42. Nc8 Be7 43. Nxe7+ Rxe7 44.
Rc8 Rd7 45. a4 Kf7 46. Rh8 Kg6 47. Rg8+ Kf7 48. Rc8 Kg7 {Userentscheidung:
Remis} 1/2-1/2

[Event "Millennium CG Exclusive - Tasc R30 V2.5"]
[Site "Wien"]
[Date "????.??.??"]
[Round "24"]
[White "Tasc R30 V2.5, aktiv"]
[Black "Millennium CG Exclusive"]
[Result "1-0"]
[WhiteElo "2335"]
[BlackElo "2402"]
[PlyCount "77"]
[EventDate "2021.??.??"]

1. d4 Nf6 2. c4 e6 3. Nc3 d5 4. Bg5 Be7 5. e3 Nbd7 6. Nf3 {Buchende Tasc} c6 7.
cxd5 exd5 8. Bd3 O-O 9. Qc2 h6 10. Bh4 Re8 {Buchende Genius} 11. Bg3 Nh5 12.
Bh7+ Kf8 13. Bf5 Nxg3 14. hxg3 Nf6 15. Bh3 Bd6 16. O-O Bxh3 17. gxh3 Qd7 18.
Kg2 Qe6 19. Rac1 Kg8 20. Rfd1 a5 21. Na4 Ne4 22. Nc5 Bxc5 23. dxc5 a4 24. Nd4
Qf6 25. f3 Ng5 26. Re1 Ra5 27. Qc3 Rea8 28. Qb4 a3 29. b3 R8a7 30. Qd2 Qg6 31.
h4 Ne6 32. e4 Qf6 33. Nxe6 fxe6 34. exd5 exd5 35. Re8+ Kf7 36. Qe3 Ra8 37. Re1
{lt. Anlayse von Fruit 2.1. ist diese Stellung bereits hoffnungslos für
Schwarz Bewertung hier +4,95 für Weiss.} h5 {Genius man muss sagen nur -1,12.}
38. g4 {Tasc +5,40 dieser Zug entscheidet nun endgültig diese Partie,
Bewertung von Fruit an dieser Stelle bereits +10,65} hxg4 39. fxg4 {Genius -7,
15, Userentscheidung: 1-0} 1-0

[Event "Millennium CG Exclusive - Tasc R30 V2.5"]
[Site "Wien"]
[Date "????.??.??"]
[Round "25"]
[White "Millennium CG Exclusive"]
[Black "Tasc R30 V2.5, aktiv"]
[Result "1/2-1/2"]
[WhiteElo "2402"]
[BlackElo "2335"]
[PlyCount "125"]
[EventDate "2021.??.??"]

1. e4 d5 2. exd5 Qxd5 3. Nc3 Qa5 4. Nf3 Nf6 5. d4 Bf5 6. Bd3 {Buchende Genius}
e6 {Buchende Tasc} 7. O-O {Der Genius bewertet sein Buch leicht positiv +0,21}
Nc6 {[%eval 0,0] Der Tasc ist nicht ganz zufrieden mit seinem -0,57} 8. Re1 Bb4
9. Bxf5 Qxf5 10. Ne5 Bxc3 11. bxc3 Ne4 12. Qe2 {Genius +0,25, der Tasc hätte
hier Sxc6 erwartet und schätzte sich bereits mit -0,95 ein.} Nxc3 13. Qc4 Ne4
14. f3 Nxe5 15. Qb5+ Nc6 {Der Tasc plant mit diesem Zug bereits den Verzicht
auf die Rochade mit Dxb7 nebst Kd7. Bewertung Tasc -0,11} 16. Qxb7 Kd7 17. Rxe4
Qa5 18. Qb3 Rab8 19. Qd3 Nb4 20. Bd2 {Meiner Meinung nach ein
grottenschlechter Zug vom Genius, wo Schwarz auf die Rochade verzichtet hat
und der König offen am Feld steht hier einen Damentausch anzustreben kann nur
gut für Schwarz sein, damit gibt er den ganzen Vorteil aus der Hand. Damit
leitet er in ein Endspiel ein, wo der schwarze König schon in den
Startlöchern steht und besser positioniert ist als der Weisse König.} f5 21.
Re3 Nxd3 22. Bxa5 Nb4 23. Re2 Nc6 24. Be1 Rhf8 25. c3 {Genius +0,43 (ich sehe
hier absolut keinen Vorteil mehr für Weiss).} Na5 {Tasc -0,25. (Bewertung von
Fruit 2.1. an dieser Stelle 0,00 und das ist auch meine Bewertung.)} 26. Bf2
Nc4 27. Rae1 {Genius +0,56, er überbewertet hier wahrscheinlich den
zurückhängenden Bauern auf e6 aber da kann ja ganz simple gedeckt werden und
Weiss hat dann nichts mehr, um ihn nachmals anzugreifen, und Schwarz hat die
offene B-Linie zu seiner Verfügung, meiner Meinung nach hat der Genius von
dieser Stellung keine Ahnung.} Rfe8 28. Bg3 g5 29. Be5 Rb6 30. Kf1 Reb8 31. Bf6
h6 32. h4 gxh4 33. Bxh4 Ra6 34. Bg3 Rb2 35. Bf4 {Nach 10 Minuten Bedenkzeit
Genius -0,31} Raxa2 {Der Tasc erspielt sich hier einen Freibauern +0,62} 36.
Bxh6 a5 {Der Tasc bringt seinen Freibauern in Marsch +0,86} 37. Rxb2 Rxb2 38.
Ra1 Kc6 {Tasc +0,83} 39. Bf4 Rc2 40. g4 {Genius -1,18} Rxc3 {Der Tasc verbucht
einen Bauerngewinn +0,86} 41. Ke2 {Genius -0,75} fxg4 42. fxg4 Kd5 43. Bxc7
Rc2+ 44. Kd3 Rd2+ 45. Kc3 Rxd4 46. g5 Rg4 47. Rd1+ Kc6 48. Bh2 Ne3 49. Rd6+ Kc5
50. Rxe6 Nd5+ 51. Kb3 Rxg5 52. Ka4 Rg2 53. Bd6+ {Mit diesem Zug erkennt der
Genius seine Remischance, er nimmt sich dafür 13 Minuten Zeit und berechnet
100 Millionen Positionen und kommt auf -0,31} Kc4 54. Re4+ Kd3 55. Rh4 Ra2+ 56.
Kb3 Ra1 57. Kb2 Rf1 58. Bc5 Ke2 59. Re4+ Kf3 60. Rd4 Nf4 61. Bb6 Rf2+ 62. Kb3
Rg2 63. Bxa5 1/2-1/2